| 000 | 00838nam a2200241 a 4500 | ||
|---|---|---|---|
| 001 | 000015591 | ||
| 003 | OSt | ||
| 005 | 20250204092151.0 | ||
| 008 | 100215s19771978dr 000 0 spa d | ||
| 040 |
_aDO-SdBNP _bspa _cBNPHU |
||
| 082 |
_aRD868.42 _bL951a |
||
| 100 | 1 |
_aLugo, Américo _d1870-1952 _981550 |
|
| 245 | 1 | 0 |
_aAntología de Américo Lugo / _c[compilador Julio Jaime Julia]. |
| 260 |
_aSanto Domingo : _bTaller, _c1977-1978. |
||
| 300 |
_a3 v. ; _c23 cm. |
||
| 600 | 0 |
_aLugo, Américo _d1870-1952 _vCorrespondencias, memorias, etc _977865 |
|
| 600 | 1 | 4 |
_aLugo, Américo, _d1870-1952 _xCritica e interpretación _935170 |
| 650 | 0 |
_aEnsayos dominicanos _965 |
|
| 650 | 0 |
_aLiteratura dominicana. _967 |
|
| 700 | 1 | 2 |
_aJulia, Julio Jaime _d1922-1993 _ecomp. _920185 |
| 910 | _aValidado. Control de calidad MMOLINA | ||
| 942 |
_2ddc _cLBS1 |
||
| 999 |
_c15146 _d15146 |
||